| 000 | 01052nam a22001817a 4500 | ||
|---|---|---|---|
| 003 | CEME | ||
| 005 | 20210628203359.0 | ||
| 008 | 210122b xxu||||| |||| 00| 0 eng d | ||
| 020 | _a0-470-05903-6 | ||
| 040 | _c. | ||
| 082 | _a629.276 GMB | ||
| 100 |
_aGmbh, Robert Bosch _965089 |
||
| 245 | _aSafety, comfort and convenience systems with communication systems , function, regulation and components | ||
| 260 |
_aNEW YORK _bJOHN WILEY _c2006 |
||
| 300 | _a399 P | ||
| 650 |
_aMOTOR VEHICLE SAFETY.CAR BRAKING SYSTEMS.WHEEL BRAKES.ANTILOCK BREAKING SYSTEM.TRACTION CONTROL SYSTEM.ELECTRONIC STABILITY PROGRAM.AUTOMATIC BRAKE FUNCTIONADAPTIVE CRUISE CONTROL.ELECTRONIC TRANSMISSION CONTROL.ELECTROHYDRAULIC ACTUATORS FOR TRANSMISSION CONTROL.OCCUPANT PROTECTION SYSTEMS.DRIVING ASSISTANCE SYSTEMS.PARKING SYSTEMS.HEATING VENTILATION AND AIR CONDITIONING.VEHICLE SECURITY SYSTEMS.AUDIO SYSTEMS OF CARS.CAR ANTENNAS.TRAFFIC INFORMATION RADIO SYSTEMS.NAVIGATION SYSTEMS.FLEET MANAGEMENT.TRAFFIC TELEMATICS.WORKSHOP TECHNOLOGY _965090 |
||
| 942 |
_cBK _2ddc |
||
| 999 |
_c573405 _d573405 |
||